SMILES REDEFINED (Record no. 22032)

MARC details
000 -LEADER
fixed length control field 00323nam a22001457a 4500
003 - CONTROL NUMBER IDENTIFIER
control field SGT
082 ## - DEWEY DECIMAL CLASSIFICATION NUMBER
Classification number 617.6342
Item number S09G
100 ## - MAIN ENTRY--PERSONAL NAME
Personal name GOWD, MS
245 ## - TITLE STATEMENT
Title SMILES REDEFINED
250 ## - EDITION STATEMENT
Edition statement 1st
260 ## - PUBLICATION, DISTRIBUTION, ETC. (IMPRINT)
Place of publication, distribution, etc HYDERABAD
Name of publisher, distributor, etc GOWDS DENTAL HOSPITAL
Year of Publication 2009
300 ## - PAGE DESCRIPTION
No. of Pages 1-152
650 ## - SUBJECT ADDED ENTRY--TOPICAL TERM
Topical term or geographic name as entry element CONSERVATIVE DENTISTRY
942 ## - ADDED ENTRY ELEMENTS (KOHA)
Source of classification or shelving scheme Dewey Decimal Classification
Koha item type Books
Holdings
Withdrawn status Lost status Source of classification or shelving scheme Damaged status Not for loan Home library Current library Shelving location Date acquired SGTU Total Checkouts Full call number Accession No. (Barcode) Date last seen Bill Date Koha item type
    Dewey Decimal Classification     SGT Dental Library SGT Dental Library On Display 27/11/2021 SGTU   617.6342 S09G FD8477 27/11/2021 27/11/2021 Books